LEADER 02543nam 2200469 450 001 9910466679703321 005 20200120134747.0 010 $a2-335-05574-7 035 $a(CKB)3790000000022999 035 $a(EBL)2085485 035 $a(MiAaPQ)EBC2085485 035 $a(Au-PeEL)EBL2085485 035 $a(OCoLC)914152210 035 $a(EXLCZ)993790000000022999 100 $a20200120d2015 uy 0 101 0 $afre 135 $aur|n|---||||| 181 $ctxt$2rdacontent 182 $cc$2rdamedia 183 $acr$2rdacarrier 200 10$aAlmaviva et Rosine $ePantomime en trois actes, melee de danses /$fPierre-Augustin Caron de Beaumarchais 210 1$a[Place of publication not identified] :$cLigaran,$d2015. 215 $a1 online resource (47 p.) 300 $aDescription based upon print version of record. 327 $aCouverture; Page de Copyright; Page de titre; Personnages; Acte premier; Sce?ne premie?re; Sce?ne II; Sce?ne III; Sce?ne IV; Sce?ne V; Sce?ne VI; Sce?ne VII; Sce?ne VIII; Sce?ne IX; Acte II; Sce?ne premie?re; Sce?ne II; Sce?ne III; Sce?ne IV; Sce?ne V; Sce?ne VI; Sce?ne VII; Sce?ne VIII; Sce?ne IX; Sce?ne X; Sce?ne XI; Sce?ne XII; Sce?ne XIII; Sce?ne XIV; Acte III; Sce?ne premie?re; Sce?ne II; Sce?ne III; Sce?ne IV; Sce?ne V; Sce?ne VI; Sce?ne VII; Sce?ne VIII 330 $a Extrait : ""SCE?NE PREMIE?RE : Les Paysans sont occupe?s a? orner la maison de Bartholo, et a? e?lever un tro?ne de fleurs pour la fe?te de Rosine, que le docteur veut ce?le?brer. Sept heures sonnent : les paysans pressent leur ouvrage. SCE?NE II : Figaro entre, il gronde les paysans. Tout devrait e?tre pre?t ; Rosine est peut-e?tre e?veille?e. Figaro et les paysans se disputent.""A? PROPOS DES E?DITIONS LIGARANLes e?ditions LIGARAN proposent des versions nume?riques de qualite? de grands livres de la litte?rature classique mais e?galement des livres rares en partenariat avec la BNF. Beaucoup de soins sont apporte?s 606 $aFrench drama$xHistory and criticism 606 $aFrench drama 606 $aFrench literature 608 $aElectronic books. 615 0$aFrench drama$xHistory and criticism. 615 0$aFrench drama. 615 0$aFrench literature. 676 $a842.009 700 $aBeaumarchais$b Pierre-Augustin Caron de$0137248 801 0$bMiAaPQ 801 1$bMiAaPQ 801 2$bMiAaPQ 906 $aBOOK 912 $a9910466679703321 996 $aAlmaviva et Rosine$92021875 997 $aUNINA LEADER 03096oas 2201153 a 450 001 9910689332703321 005 20260218111742.0 011 $a2169-2246 035 $a(DE-599)ZDB2015968-7 035 $a(OCoLC)44432584 035 $a(CONSER) 2001230969 035 $a(CKB)111032812863706 035 $a(DE-599)2015968-7 035 $a(EXLCZ)99111032812863706 100 $a20000619b19992002 ua a 101 0 $aeng 135 $aurbn||||||||| 181 $ctxt$2rdacontent 182 $cc$2rdamedia 183 $acr$2rdacarrier 200 10$aAerospace power journal 210 $aMaxwell AFB, AL $cAU Press$d1999-2002 215 $a1 online resource 225 1 $aAFRP ;$v10-1 300 $aRefereed/Peer-reviewed 300 $aTitle from caption (viewed June 12, 2000). 311 08$a1535-4245 410 0$aAir Force recurring publication ;$v10-1. 517 1 $aAPJ 606 $aAeronautics, Military$zUnited States$vPeriodicals 606 $aAir warfare$vPeriodicals 606 $aAir power$zUnited States$vPeriodicals 606 $aAeronautics, Military$vPeriodicals 606 $aAviation 606 $aMilitary Science 606 $aAeronautics, Military$2fast$3(OCoLC)fst00798542 606 $aAir power$2fast$3(OCoLC)fst00802495 606 $aAir warfare$2fast$3(OCoLC)fst00802704 606 $aAviation militaire$2rasuqam 606 $aGuerre ae?rienne$2rasuqam 606 $aForce ae?rienne$2rasuqam 607 $aUnited States 607 $aUnited States$2fast$1https://id.oclc.org/worldcat/entity/E39PBJtxgQXMWqmjMjjwXRHgrq 607 $aE?tats-Unis$2rasuqam 608 $aPeriodicals.$2fast 608 $aPeriodicals.$2lcgft 608 $aPe?riodique e?lectronique (Descripteur de forme)$2rasuqam 608 $aRessource Internet (Descripteur de forme)$2rasuqam 615 0$aAeronautics, Military 615 0$aAir warfare 615 0$aAir power 615 0$aAeronautics, Military 615 2$aAviation. 615 2$aMilitary Science. 615 7$aAeronautics, Military. 615 7$aAir power. 615 7$aAir warfare. 615 7$aAviation militaire. 615 7$aGuerre ae?rienne. 615 7$aForce ae?rienne. 676 $a358 712 02$aUnited States.$bAir Force. 801 0$bGAO 801 1$bGAO 801 2$bGPO 801 2$bMYG 801 2$bOCLCQ 801 2$bRBN 801 2$bMYG 801 2$bOCLCQ 801 2$bNSD 801 2$bUQ1 801 2$bDLC 801 2$bLGG 801 2$bGBT 801 2$bNOC 801 2$bOCLCQ 801 2$bDLC 801 2$bOCLCQ 801 2$bOCLCO 801 2$bOCLCF 801 2$bOCLCO 801 2$bOCLCQ 801 2$bCOO 801 2$bOCLCA 801 2$bGILDS 801 2$bOCLCO 801 2$bGPO 801 2$bUUM 801 2$bVT2 801 2$bOCLCQ 801 2$bDYJ 801 2$bOCLCQ 801 2$bIOY 801 2$bOCLCL 906 $aJOURNAL 912 $a9910689332703321 996 $aAerospace power journal$93125749 997 $aUNINA